| 000 | 00610nam a2200205 i 4500 | ||
|---|---|---|---|
| 001 | 46360 | ||
| 003 | ES-MaACL | ||
| 007 | t| | ||
| 008 | 030328s1969 mx ||||1| spa d | ||
| 245 | 0 | 3 |
_aLa comunidad y el Derecho / _c[compilado por Carl J. Friedrich ; versión por Andrés M. Mateo]. |
| 250 | _a[1ª ed.]. | ||
| 260 |
_a[México, D.F.] : _bRobles, _c[1969] |
||
| 300 |
_a280 p. ; _c21 cm. |
||
| 490 | 1 |
_aNomos ; _v2 |
|
| 700 | 1 |
_aFriedrich, Carl J. _952645 |
|
| 700 | 1 |
_aMateo, Andrés M. _978937 |
|
| 830 | 0 |
_aNomos ; _v2 _9182096 |
|
| 852 |
_aES-MaACL _jE-9066 _bR.93498 |
||
| 999 |
_c46360 _d46360 |
||